TheLegalization of Human Rights (Record no. 76394)
| 000 -LEADER | |
|---|---|
| fixed length control field | 00621nam a2200205Ia 4500 |
| 003 - CONTROL NUMBER IDENTIFIER | |
| control field | LDD |
| 008 - FIXED-LENGTH DATA ELEMENTS--GENERAL INFORMATION | |
| fixed length control field | 181029s9999 xx 000 0 und d |
| 020 ## - INTERNATIONAL STANDARD BOOK NUMBER | |
| International Standard Book Number | 415361222 |
| Terms of availability | P 70.00 |
| 040 ## - CATALOGING SOURCE | |
| Transcribing agency | LDD |
| 100 ## - MAIN ENTRY--PERSONAL NAME | |
| Personal name | Meckled-Garcia, Saladin |
| 245 #0 - TITLE STATEMENT | |
| Title | TheLegalization of Human Rights |
| Remainder of title | multidisciplinary perspectives on human rights |
| Statement of responsibility, etc. | Saladin Meckled-Garcia |
| 250 ## - EDITION STATEMENT | |
| Edition statement | 1st Ed. |
| 260 ## - PUBLICATION, DISTRIBUTION, ETC. | |
| Place of publication, distribution, etc. | Oxon |
| Name of publisher, distributor, etc. | Routledge |
| Date of publication, distribution, etc. | 2006 |
| 300 ## - PHYSICAL DESCRIPTION | |
| Extent | x, 208p. |
| 365 ## - TRADE PRICE | |
| Price amount | P 70.00 |
| 901 ## - LOCAL DATA ELEMENT A, LDA (RLIN) | |
| a | 3242 |
| b | 19-01-2006 |
| 902 ## - LOCAL DATA ELEMENT B, LDB (RLIN) | |
| a | 7361 |
| b | 12-07-2006 |
| c | F |
| d | OP |
| e | 34 |
| 903 ## - LOCAL DATA ELEMENT C, LDC (RLIN) | |
| a | Discount-10 |
| b | Reqst by : Nayak, Pandav (Prof.) |
| 942 ## - ADDED ENTRY ELEMENTS (KOHA) | |
| Source of classification or shelving scheme | Dewey Decimal Classification |
| Koha item type | Books |
| Withdrawn status | Lost status | Source of classification or shelving scheme | Damaged status | Not for loan | Home library | Current library | Total Checkouts | Full call number | Barcode | Date last seen | Cost, replacement price | Price effective from | Koha item type |
|---|---|---|---|---|---|---|---|---|---|---|---|---|---|
| No | Dewey Decimal Classification | Library and Documentation Division | Library and Documentation Division | 342.085 L523 | 059722 | 11/01/2018 | 5987.10 | 11/01/2018 | Books |
